000
00393nam a2200145Ia 4500
008
090124s9999 xx 000 0 und d
082
_b
303680
245
_a
अंधार काजवा
250
_a
1
260
_b
कानसकर किसन
_c
1998
300
_a
160
630
_a
अंधार काजवा
730
_a
अंधार काजवा
942
_c
BOOK
999
_c
193317
_d
193317